Vol. 41, № 4; Analytical Chemistry

Detalhes bibliográficos
Parent link:Analytical Chemistry/ American Chemical Society. Vol. 41, № 4.— , 1947-1973, 1976-1990, 1993-2002
Resumo:В журнале не печатается ряд страниц
Idioma:inglês
Publicado em: 1969
Formato: MixedMaterials Livro
KOHA link:https://koha.lib.tpu.ru/cgi-bin/koha/opac-detail.pl?biblionumber=560136

MARC

LEADER 00000nam2a2200000 4500
001 560136
005 20251110144757.0
035 |a (RuTPU)RU\TPU\prd\255159 
035 |a RU\TPU\prd\255157 
090 |a 560136 
100 |a 20160411d1969 k||y0rusy50 ba 
101 0 |a eng 
102 |a US 
105 |a a z 000yy 
200 0 |a Vol. 41, № 4 
210 |d 1969 
215 |a 204 p. (p. 1A-154A, p. 553-688) 
300 |a В журнале не печатается ряд страниц 
461 1 |0 379637  |t Analytical Chemistry  |f American Chemical Society  |v Vol. 41, № 4  |d 1947-1973, 1976-1990, 1993-2002  |9 379637 
517 1 |a Аналитическая химия (аналитикл кемистри) 
801 0 |a RU  |b 63413507  |c 20010227  |g PSBO 
801 1 |a RU  |b 63413507  |c 20020228  |g PSBO 
801 2 |a RU  |b 63413507  |c 20190725  |g PSBO 
942 |c CR